MARKETING MANAGEMENT: (Record no. 6194)

000 -LEADER
fixed length control field 00335nam a22001097a 4500
008 - FIXED-LENGTH DATA ELEMENTS--GENERAL INFORMATION
fixed length control field 180521b ||||| |||| 00| 0 eng d
020 ## - INTERNATIONAL STANDARD BOOK NUMBER
International Standard Book Number 0135634792.
082 ## -
Classification number 658.8 KOT
100 ## - MAIN ENTRY--PERSONAL NAME
Personal name KOTLER PHILIP
245 ## - TITLE STATEMENT
Title MARKETING MANAGEMENT:
Remainder of title ANALYSIS,PLANNING,IMPLEMENTATION,AND CONTROL
260 ## - PUBLICATION, DISTRIBUTION, ETC. (IMPRINT)
Place of publication, distribution, etc. ENGLEWOOD CLIFFS.
Name of publisher, distributor, etc. PRENTICE-HALL,INC.
Date of publication, distribution, etc. 1991.
Holdings
Withdrawn status Lost status Source of classification or shelving scheme Damaged status Koha normalized classification for sorting Not for loan Home library Current library Shelving location Date acquired Total Checkouts Full call number Barcode Date last seen Price effective from Koha item type
        658_800000000000000_KOT   Dodoma Dodoma Ground Floor 21/05/2018   658.8 KOT 0000000016950 29/07/2019 21/05/2018 BOOKS

IRDP © 2019 :: Managed by IRDP ICT Unit